000 01250nam a2200301Ia 4500
001 ebr10695175
003 CaPaEBR
006 m u
007 cr cn|||||||||
008 130512s2013 bcc sb 001 0 eng d
020 _z9780774824903
020 _z9780774824910 (ebook)
040 _aCaPaEBR
_cCaPaEBR
035 _a(OCoLC)833553321
050 1 4 _aHS2339.K8
_bP58 2013 eb
100 1 _aPitsula, James M.,
_d1950-
245 1 0 _aKeeping Canada British
_h[electronic resource] :
_bthe Ku Klux Klan in 1920s Saskatchewan /
_cJames M. Pitsula.
260 _aVancouver, BC :
_bUBC Press,
_cc2013.
300 _a299 p.
504 _aIncludes bibliographical references and index.
533 _aElectronic reproduction.
_bPalo Alto, Calif. :
_cebrary,
_d2013.
_nAvailable via World Wide Web.
_nAccess may be limited to ebrary affiliated libraries.
610 2 0 _aKu Klux Klan (1915-)
_xHistory
_y20th century.
650 0 _aRacism
_zSaskatchewan
_xHistory
_y20th century.
651 0 _aSaskatchewan
_xRace relations
_xHistory
_y20th century.
655 7 _aElectronic books.
_2local
710 2 _aebrary, Inc.
856 4 0 _uhttp://site.ebrary.com/lib/rucke/Doc?id=10695175
_zAn electronic book accessible through the World Wide Web; click to view
999 _c9014
_d9014